<?xml version="1.0" encoding="UTF-8"?>
<record
    xmlns:xsi="http://www.w3.org/2001/XMLSchema-instance"
    xsi:schemaLocation="http://www.loc.gov/MARC21/slim http://www.loc.gov/standards/marcxml/schema/MARC21slim.xsd"
    xmlns="http://www.loc.gov/MARC21/slim">

  <leader>02522nkm0a2200469   4500</leader>
  <controlfield tag="001">RU\NLR\BIBL_A\022747653</controlfield>
  <controlfield tag="005">20260426072851.0</controlfield>
  <datafield tag="035" ind1=" " ind2=" ">
    <subfield code="a">(NLR Aleph) 022747653</subfield>
  </datafield>
  <datafield tag="090" ind1=" " ind2=" ">
    <subfield code="a">13693360</subfield>
    <subfield code="c">13693360</subfield>
  </datafield>
  <datafield tag="100" ind1=" " ind2=" ">
    <subfield code="a">20260426              rusy50        </subfield>
  </datafield>
  <datafield tag="101" ind1="0" ind2=" ">
    <subfield code="a">rus</subfield>
  </datafield>
  <datafield tag="102" ind1=" " ind2=" ">
    <subfield code="a">RU</subfield>
  </datafield>
  <datafield tag="116" ind1=" " ind2=" ">
    <subfield code="a">iiycxx    zz    ad</subfield>
  </datafield>
  <datafield tag="135" ind1=" " ind2=" ">
    <subfield code="a">crcn 024anaba</subfield>
  </datafield>
  <datafield tag="181" ind1=" " ind2="0">
    <subfield code="a">b4</subfield>
    <subfield code="b">xb2e  </subfield>
  </datafield>
  <datafield tag="182" ind1=" " ind2="0">
    <subfield code="a">n</subfield>
  </datafield>
  <datafield tag="200" ind1="1" ind2=" ">
    <subfield code="a">&#x41D;&#x430;&#x442;&#x443;&#x440;&#x430;&#x43B;&#x44C;&#x43D;&#x44B;&#x435; &#x432;&#x438;&#x43D;&#x43E;&#x433;&#x440;&#x430;&#x434;&#x43D;&#x44B;&#x435; &#x432;&#x438;&#x43D;&#x430; &#x421;&#x43E;&#x447;&#x438;</subfield>
    <subfield code="e">&#x441;&#x430;&#x434;&#x43E;&#x432; &#x412;. &#x410;. &#x425;&#x43B;&#x443;&#x434;&#x43E;&#x432;&#x430;</subfield>
    <subfield code="e">&#x41A;&#x430;&#x432;&#x43A;&#x430;&#x437;, &#x431;&#x435;&#x440;&#x435;&#x433; &#x427;&#x435;&#x440;&#x43D;&#x43E;&#x433;&#x43E; &#x43C;&#x43E;&#x440;&#x44F;</subfield>
    <subfield code="e">[&#x43F;&#x43B;&#x430;&#x43A;&#x430;&#x442;]</subfield>
  </datafield>
  <datafield tag="203" ind1=" " ind2=" ">
    <subfield code="a">&#x418;&#x437;&#x43E;&#x431;&#x440;&#x430;&#x436;&#x435;&#x43D;&#x438;&#x435;</subfield>
    <subfield code="b">&#x43D;&#x435;&#x43F;&#x43E;&#x434;&#x432;&#x438;&#x436;&#x43D;&#x43E;&#x435;</subfield>
    <subfield code="b">&#x434;&#x432;&#x443;&#x445;&#x43C;&#x435;&#x440;&#x43D;&#x43E;&#x435;</subfield>
    <subfield code="b">&#x432;&#x438;&#x437;&#x443;&#x430;&#x43B;&#x44C;&#x43D;&#x43E;&#x435;</subfield>
    <subfield code="c">&#x43D;&#x435;&#x43F;&#x43E;&#x441;&#x440;&#x435;&#x434;&#x441;&#x442;&#x432;&#x435;&#x43D;&#x43D;&#x43E;&#x435;</subfield>
  </datafield>
  <datafield tag="210" ind1=" " ind2=" ">
    <subfield code="a">&#x41C;&#x43E;&#x441;&#x43A;&#x432;&#x430;</subfield>
    <subfield code="c">&#x41B;&#x438;&#x442;. &#x442;/&#x434; &#x418;. &#x41D;. &#x413;&#x440;&#x44B;&#x437;&#x443;&#x43D;&#x43E;&#x432;</subfield>
    <subfield code="d">[&#x43C;&#x435;&#x436;&#x434;&#x443; 1912 &#x438; 1917]</subfield>
  </datafield>
  <datafield tag="215" ind1=" " ind2=" ">
    <subfield code="a">1 &#x43B;.</subfield>
    <subfield code="c">&#x444;&#x43E;&#x442;&#x43E;&#x43C;&#x435;&#x445;. &#x43F;&#x435;&#x447;.</subfield>
    <subfield code="d">51,9&#x445;34,9</subfield>
  </datafield>
  <datafield tag="300" ind1=" " ind2=" ">
    <subfield code="a">&#x420;&#x435;&#x43A;&#x43B;&#x430;&#x43C;&#x430; &#x432;&#x438;&#x43D; &#x441;&#x430;&#x434;&#x43E;&#x432; &#x425;&#x43B;&#x443;&#x434;&#x43E;&#x432;&#x430; &#x412;&#x430;&#x441;&#x438;&#x43B;&#x438;&#x44F; &#x410;&#x43B;&#x435;&#x43A;&#x441;&#x435;&#x435;&#x432;&#x438;&#x447;&#x430; (1841-1913), &#x43F;&#x440;&#x435;&#x434;&#x43F;&#x440;&#x438;&#x43D;&#x438;&#x43C;&#x430;&#x442;&#x435;&#x43B;&#x44F;, &#x437;&#x435;&#x43C;&#x43B;&#x435;&#x432;&#x43B;&#x430;&#x434;&#x435;&#x43B;&#x446;&#x430;, &#x43C;&#x435;&#x446;&#x435;&#x43D;&#x430;&#x442;&#x430;, &#x447;&#x43B;&#x435;&#x43D;&#x430; &#x43F;&#x440;&#x430;&#x432;&#x43B;&#x435;&#x43D;&#x438;&#x44F; &#x415;&#x433;&#x43E;&#x440;&#x44C;&#x435;&#x432;&#x441;&#x43A;&#x43E;&#x439; &#x431;&#x443;&#x43C;&#x430;&#x433;&#x43E;&#x43F;&#x440;&#x44F;&#x434;&#x438;&#x43B;&#x44C;&#x43D;&#x43E;&#x439; &#x444;&#x430;&#x431;&#x440;&#x438;&#x43A;&#x438;, &#x43E;&#x441;&#x43D;&#x43E;&#x432;&#x430;&#x442;&#x435;&#x43B;&#x44F; &#x43F;&#x430;&#x440;&#x43A;&#x430; "&#x420;&#x438;&#x432;&#x44C;&#x435;&#x440;&#x430;" &#x432; &#x433;&#x43E;&#x440;&#x43E;&#x434;&#x435; &#x421;&#x43E;&#x447;&#x438;</subfield>
  </datafield>
  <datafield tag="325" ind1=" " ind2=" ">
    <subfield code="a">&#x41A;&#x43E;&#x43F;&#x438;&#x44F; &#x434;&#x43E;&#x441;&#x442;&#x443;&#x43F;&#x43D;&#x430; &#x432; &#x42D;&#x43B;&#x435;&#x43A;&#x442;&#x440;&#x43E;&#x43D;. &#x431;-&#x43A;&#x435; &#x420;&#x41D;&#x411;</subfield>
  </datafield>
  <datafield tag="606" ind1="1" ind2=" ">
    <subfield code="a">&#x420;&#x435;&#x43A;&#x43B;&#x430;&#x43C;&#x43D;&#x44B;&#x439; &#x43F;&#x43B;&#x430;&#x43A;&#x430;&#x442; &#x440;&#x443;&#x441;&#x441;&#x43A;&#x438;&#x439;</subfield>
    <subfield code="z">1868 - 1917</subfield>
    <subfield code="9">2200006</subfield>
    <subfield code="3">RU\NLR\AUTH\6601557021</subfield>
  </datafield>
  <datafield tag="606" ind1="1" ind2=" ">
    <subfield code="a">&#x412;&#x438;&#x43D;&#x43E;&#x433;&#x440;&#x430;&#x434;&#x43D;&#x430;&#x44F; &#x43B;&#x43E;&#x437;&#x430;</subfield>
    <subfield code="j">&#x41F;&#x43B;&#x430;&#x43A;&#x430;&#x442;&#x44B;</subfield>
    <subfield code="9">1125883</subfield>
    <subfield code="3">RU\NLR\AUTH\66127084</subfield>
  </datafield>
  <datafield tag="606" ind1="1" ind2=" ">
    <subfield code="a">&#x413;&#x43E;&#x440;&#x44B;</subfield>
    <subfield code="j">&#x41F;&#x43B;&#x430;&#x43A;&#x430;&#x442;&#x44B;</subfield>
    <subfield code="9">1131218</subfield>
    <subfield code="3">RU\NLR\AUTH\66130083</subfield>
  </datafield>
  <datafield tag="606" ind1="1" ind2=" ">
    <subfield code="a">&#x421;&#x443;&#x434;&#x430;</subfield>
    <subfield code="j">&#x41F;&#x43B;&#x430;&#x43A;&#x430;&#x442;&#x44B;</subfield>
    <subfield code="9">1049438</subfield>
    <subfield code="3">RU\NLR\AUTH\6687375</subfield>
  </datafield>
  <datafield tag="606" ind1="1" ind2=" ">
    <subfield code="a">&#x41A;&#x438;&#x43F;&#x430;&#x440;&#x438;&#x441;&#x44B;</subfield>
    <subfield code="j">&#x41F;&#x43B;&#x430;&#x43A;&#x430;&#x442;&#x44B;</subfield>
    <subfield code="9">1392113</subfield>
    <subfield code="3">RU\NLR\AUTH\66585225</subfield>
  </datafield>
  <datafield tag="607" ind1=" " ind2=" ">
    <subfield code="a">&#x427;&#x435;&#x440;&#x43D;&#x43E;&#x435; &#x43C;&#x43E;&#x440;&#x435;</subfield>
    <subfield code="j">&#x41F;&#x43B;&#x430;&#x43A;&#x430;&#x442;&#x44B;</subfield>
    <subfield code="9">1135727</subfield>
    <subfield code="3">RU\NLR\AUTH\66132787</subfield>
  </datafield>
  <datafield tag="686" ind1=" " ind2=" ">
    <subfield code="a">&#x429;153(2&#x420;=&#x420;&#x443;&#x441;)53-466</subfield>
  </datafield>
  <datafield tag="712" ind1="0" ind2="0">
    <subfield code="4">610</subfield>
    <subfield code="a">&#x413;&#x440;&#x44B;&#x437;&#x443;&#x43D;&#x43E;&#x432;,</subfield>
    <subfield code="c">&#x41C;&#x43E;&#x441;&#x43A;&#x432;&#x430;</subfield>
    <subfield code="g">&#x418;. &#x41D;.,</subfield>
    <subfield code="h">&#x442;&#x43E;&#x440;&#x433;&#x43E;&#x432;&#x44B;&#x439; &#x434;&#x43E;&#x43C;</subfield>
    <subfield code="9">2705870</subfield>
    <subfield code="3">RU\NLR\AUTH\880641662</subfield>
  </datafield>
  <datafield tag="852" ind1="0" ind2="0">
    <subfield code="a">NLR</subfield>
    <subfield code="b">&#x42D;</subfield>
    <subfield code="j">&#x420;.&#x420;&#x443;&#x441;./&#x422;&#x43E;&#x440;&#x433;.14</subfield>
    <subfield code="m">&#x42D;&#x430;&#x444;11339</subfield>
  </datafield>
  <datafield tag="856" ind1=" " ind2="0">
    <subfield code="u">https://vivaldi.nlr.ru/la700001801/view</subfield>
  </datafield>
  <datafield tag="856" ind1=" " ind2="1">
    <subfield code="u">https://vivaldi.nlr.ru/la700001801/cover</subfield>
  </datafield>
  <datafield tag="856" ind1=" " ind2="2">
    <subfield code="u">https://vivaldi.nlr.ru/la700001801/text</subfield>
  </datafield>
  <datafield tag="942" ind1=" " ind2=" ">
    <subfield code="c">VISUAL</subfield>
  </datafield>
  <datafield tag="980" ind1=" " ind2=" ">
    <subfield code="a">NB</subfield>
  </datafield>
  <datafield tag="981" ind1="1" ind2="7">
    <subfield code="a">(17) &#x418;&#x437;&#x43E;&#x433;&#x440;&#x430;&#x444;&#x438;&#x447;&#x435;&#x441;&#x43A;&#x438;&#x435; &#x43C;&#x430;&#x442;&#x435;&#x440;&#x438;&#x430;&#x43B;&#x44B;</subfield>
    <subfield code="b">(17) &#x41F;&#x43B;&#x430;&#x43A;&#x430;&#x442;&#x44B;</subfield>
  </datafield>
</record>
